000 00882nam a2200229 u 4500
001 000283494
003 AM-YeHGA
005 20250618071849.0
008 031113s1964 ai r 000 0 arm d
040 _aAM-YeHGA
041 0 _aarm
080 _aAP2
090 _aԵ-39
100 1 _aԵղիկյան, Գրիգոր Կարապետի,
_d1923-
_92558
245 1 0 _aԿիկլիկո :
_b[Բանաստեղծություն] /
_cԳ.Կ. Եղիկյան; Խմբ.՝ Վ. Տալյան; Նկ.՝ Հ. Հովհաննիսյան.
260 _aԵրևան :
_bՀայպետհրատ,
_c1964.
300 _a28 էջ :
_bնկ. ;
_c16 սմ.
650 1 4 _aՀայ մանկական գրականություն
_xԲանաստեղծություն
700 1 _aՏալյան, Վազգեն Գրիգորի,
_d1907-1995
_eխմբ.
_4edt
_99383
700 1 _aՀովհաննիսյան, Հ.
_eնկ.
_4art
090 _c105171
999 _c103851
_d103851